Kladivo na čaroděje. 08, Pekelná šleha /

Hlavní autor: Antonín, Martina D., 1978-
Jazyk: Čeština
Vydáno: Praha : Epocha, 2015
Vydání: 1. vyd.
Edice: Fantastická Epocha
Témata:
Fyzický popis: 210 s. ; 20 cm
Knihy
Uloženo v:
LEADER 01187nam a2200373 a 4500
001 nkc20152692280
003 CZ PrNK
005 20150507083852.0
007 ta
008 150417s2015 xr g 000 f cze
015 |a cnb002692280 
020 |a 978-80-7425-247-1  |q (brož.) 
035 |a (OCoLC)908822582 
040 |a ABA001  |b cze 
072 7 |a 821.162.3-3  |x Česká próza  |2 Konspekt  |9 25 
080 |a 821.162.3-31  |2 MRF 
080 |a (0:82-312.9)  |2 MRF 
100 1 |a Antonín, Martina D.,  |d 1978-  |7 xx0010114  |4 aut 
245 1 0 |a Kladivo na čaroděje.  |n 08,  |p Pekelná šleha /  |c Martin D. Antonín 
246 3 0 |a Pekelná šleha 
250 |a 1. vyd. 
260 |a Praha :  |b Epocha,  |c 2015 
300 |a 210 s. ;  |c 20 cm 
490 1 |a Fantastická Epocha ;  |v sv. 38 
655 7 |a české romány  |7 fd133974  |2 czenas 
655 7 |a fantasy romány  |7 fd184199  |2 czenas 
655 9 |a Czech fiction  |2 eczenas 
655 9 |a fantasy novels  |2 eczenas 
830 0 |a Fantastická Epocha  |0 s 
910 2 |a BOA001  |b 1-1294.374,8 
990 |a BK 
995 |a 01 
991 |b 201504  |c NOV  |e b 
996 6 |b 2610631089  |c 1-1294.374,8  |l MZK  |r Sklad / do 1 hodiny  |n 1  |p p.v.  |w 001501795  |u 000010  |a 1  |e BOA001  |j MZK50  |s P